|
|
|
|
| LEADER |
00000nab a2200000 a 4500 |
| 001 |
vtls011112345 |
| 003 |
SK-MaSNL |
| 005 |
20260303125224.0 |
| 008 |
230218|1968 xo |||||||||||||||||ger| |
| 015 |
|
|
|a SNBRB
|
| 035 |
|
|
|a (uuid)3d946793-4089-4bf6-92a2-e620bbc5ca19
|
| 035 |
|
|
|a (urnnbn)urn:nbn:sk:snk:ar-a08g70
|
| 035 |
|
|
|a urn:nbn:sk:snk-ab9irh
|
| 040 |
|
|
|a SNKBUCL
|b slo
|c SNKBUCL
|e AACR2
|
| 041 |
0 |
|
|a ger
|
| 044 |
|
|
|a xo
|c SK
|
| 100 |
1 |
|
|a Slanina, Ľudovít,
|d 1928-2008
|4 aut
|9 215327
|
| 245 |
1 |
0 |
|a STUDIUM DER DYNAMIK DER BIOCHEMISCHEN ANZEIGER IM BLUTSERUM UND DER WANSTSÄFTE BEI HOCHPRODUKTIVEN MELKKÜHEN WÄHREND EINES JAHRES
|c Ľ. Slanina, L. Vrzguľa, P. Bartko
|
| 700 |
1 |
|
|a Vrzgula, Leopold,
|d 1927-2013
|4 aut
|9 203765
|
| 700 |
1 |
|
|a Bartko, P.
|4 aut
|9 514467
|
| 773 |
0 |
|
|t Folia veterinaria
|g Roč. 12, č. 2 (1968), s. 117
|
| 958 |
|
|
|a OND
|
| 958 |
|
|
|a EUIPO
|
| 958 |
|
|
|a article13
|
| 999 |
|
|
|c 1933707
|d 1935637
|